000 nam a22 7a 4500
999 _c10736
_d10736
008 180222b ||||| |||| 00| 0 eng d
100 _aSood,K.
_92461
245 _aGreen Age Environmental Science
260 _aNew Delhi
_bPurple Martin
_c2011